|
|
|
|
| LEADER |
00000nam0a2200000 4500 |
| 001 |
325935 |
| 005 |
20231102003818.0 |
| 035 |
|
|
|a (RuTPU)RU\TPU\book\351551
|
| 035 |
|
|
|a RU\TPU\book\33004
|
| 090 |
|
|
|a 325935
|
| 100 |
|
|
|a 20161215d1972 km y0engy50 ba
|
| 101 |
0 |
|
|a eng
|a rus
|
| 102 |
|
|
|a RU
|
| 105 |
|
|
|a a e 001zy
|
| 200 |
1 |
|
|a Англо-русский словарь по современной радиоэлектронике
|e около 20 000 терминов
|f сост. И. К. Калугин , М. А. Берг , Г. Н. Глаголева ; под ред. Ф. А. Водопьянова
|
| 205 |
|
|
|a 2-е изд.
|
| 210 |
|
|
|a Москва
|c Советская энциклопедия
|d 1972
|
| 215 |
|
|
|a 448 с.
|c черт.
|
| 320 |
|
|
|a Библиогр.: с. 9
|
| 320 |
|
|
|a Указатель русских терминов: с. 403-448
|
| 606 |
1 |
|
|a Английский язык
|x Терминологические словари
|2 stltpush
|3 (RuTPU)RU\TPU\subj\29063
|9 52475
|
| 606 |
1 |
|
|a Радиоэлектроника
|2 stltpush
|3 (RuTPU)RU\TPU\subj\69507
|9 84342
|
| 610 |
1 |
|
|a термины
|
| 610 |
1 |
|
|a определения
|
| 610 |
1 |
|
|a квантовая радиоэлектроника
|
| 610 |
1 |
|
|a физика плазмы
|
| 610 |
1 |
|
|a полупроводниковые приборы
|
| 610 |
1 |
|
|a интегральные схемы
|
| 610 |
1 |
|
|a радиотехника
|
| 610 |
1 |
|
|a антенно-фидерные устройства
|
| 675 |
|
|
|a 621.37/.39(038)
|v 4
|
| 686 |
|
|
|a Ш143.21-43
|v LBC/SL-A
|2 rubbk
|
| 702 |
|
1 |
|a Калугин
|b И. К.
|g Игорь Константинович
|4 220
|
| 702 |
|
1 |
|a Берг
|b М. А.
|4 220
|
| 702 |
|
1 |
|a Глаголева
|b Г. Н.
|4 220
|
| 702 |
|
1 |
|a Водопьянов
|b Ф. А.
|g Федор Алексеевич
|4 340
|
| 801 |
|
0 |
|a RU
|b 63413507
|c 20011210
|g PSBO
|
| 801 |
|
2 |
|a RU
|b 63413507
|c 20171211
|g PSBO
|
| 942 |
|
|
|c BK
|